000 00459nam a2200181Ia 4500
001 8467
005 20260306160611.0
008 260306t2021||||xx |||||||||||||| ||spa||
041 _aESP
082 _a371.1
_bC24
100 _aCamps Bansell, Jaume
_eAUT
245 0 _aCorazón educador:
_bun ensayo sobre la vocación a la enseñanza
260 _c2021
300 _a163 páginas :
_c23 cm.
650 _aGEN
654 _aCED
942 _cLIB
_dJUS
_fJUS
_2ddc
_n
999 _c8467
_d8467